Analysis of firm factors impact on financial structure of Slovak SMEs

Faktory ovplyvňujúce finančnú štruktúru slovenských malých a stredných podnikov. Výskum vplyvu podnikových faktorov a faktorov makroprostredia na finančnú štruktúru slovenských MSP. Výsledky výskumu.

Saved in:
Bibliographic Details
Main Author: Kalusová, Lenka, 1987-
Format: Book Chapter
Language:Slovak
Subjects:
Tags: Add Tag
No Tags, Be the first to tag this record!

MARC

LEADER 00000naa$a2200000$$$4500
001 0200303
005 20240503093337.1
041 0 |a slo 
044 |a CZ 
245 1 0 |a Analysis of firm factors impact on financial structure of Slovak SMEs  |c Lenka Kalusová 
520 |a Faktory ovplyvňujúce finančnú štruktúru slovenských malých a stredných podnikov. Výskum vplyvu podnikových faktorov a faktorov makroprostredia na finančnú štruktúru slovenských MSP. Výsledky výskumu. 
610 2 0 |a štruktúra podniku finančná 
610 2 0 |a podnik malý 
610 2 0 |a podnik stredný 
610 2 0 |a financie 
610 2 0 |a zadlženosť 
610 2 0 |a úver bankový 
610 2 0 |a sadzby úrokové 
610 2 0 |a výnosnosť 
100 1 |a Kalusová, Lenka, 1987-